[Event "LUX-chT 2016/17"]
[Site "Luxembourg"]
[Date "2017.02.05"]
[Round "7"]
[White "Wagener, Anna"]
[Black "Elbeshausen, Ralf"]
[Result "1-0"]
[WhiteElo "2298"]
[BlackElo "2015"]
[PlyCount "57"]
[EventDate "2016.09.25"]
[EventType "team-tourn"]
[EventRounds "10"]
[EventCountry "LUX"]
[SourceTitle "EXT 2018"]
[Source "ChessBase"]
[SourceDate "2017.10.13"]
[SourceVersion "1"]
[SourceVersionDate "2017.10.13"]
[SourceQuality "1"]

1. e4 c6 2. d4 d5 3. e5 Bf5 4. Nf3 e6 5. Be2 c5 6. 0-0 Nc6 7. Be3 Qc7 8. c3 a6 9. Nbd2 Be7 10. dxc5 f6 11. exf6 Nxf6 12. Nd4 Nxd4 13. cxd4 0-0 14. h3 Nd7 15. Nf3 Rad8 16. Qd2 e5 17. Nxe5 Nxe5 18. dxe5 Qxe5 19. Bd4 Qe6 20. Qe3 Qf7 21. Bd3 Rfe8 22. Bxf5 Qxf5 23. Qb3 Qe4 24. Rad1 Bh4 25. Qxb7 Re7 26. Qxa6 Re6 27. Qd3 Qf4 28. g3 Qg5 29. Kh2 1-0

[Event "Luxembourg-chT 1415"]
[Site "Luxembourg"]
[Date "2014.10.19"]
[Round "2"]
[White "Neuman, Carlo"]
[Black "Elbeshausen, Ralf"]
[Result "1/2-1/2"]
[WhiteElo "1927"]
[BlackElo "2085"]
[PlyCount "59"]
[EventDate "2014.10.05"]
[EventType "team-tourn"]
[EventRounds "10"]
[EventCountry "LUX"]
[SourceTitle "EXT 2017"]
[Source "ChessBase"]
[SourceDate "2016.10.25"]
[SourceVersion "1"]
[SourceVersionDate "2016.10.25"]
[SourceQuality "1"]

1. f4 d5 2. Nf3 e6 3. e3 Nf6 4. b3 Be7 5. Bb2 0-0 6. Be2 c5 7. 0-0 b6 8. Ne5 Bb7 9. d3 Nbd7 10. Nxd7 Nxd7 11. Bf3 Bf6 12. Qc1 Qc7 13. Bxf6 Nxf6 14. g3 Rac8 15. Nd2 Rfd8 16. Qe1 Rd7 17. g4 d4 18. h3 dxe3 19. Qxe3 Nd5 20. Bxd5 Rxd5 21. a4 Qc6 22. Qf3 Qd7 23. Qg3 Rd8 24. Rae1 Ba6 25. Rf3 Bb7 26. Rf2 Qc6 27. Kh2 a6 28. Nc4 Qc7 29. Ne3 Rd4 30. f5 1/2-1/2

[Event "Luxembourg-chT 1314"]
[Site "Luxembourg"]
[Date "2014.03.16"]
[Round "8"]
[White "Schilpp, Roland"]
[Black "Elbeshausen, Ralf"]
[Result "1/2-1/2"]
[WhiteElo "2014"]
[BlackElo "2085"]
[PlyCount "43"]
[EventDate "2013.10.05"]
[EventType "team-tourn"]
[EventRounds "10"]
[EventCountry "LUX"]
[SourceTitle "EXT 2017"]
[Source "ChessBase"]
[SourceDate "2016.10.25"]
[SourceVersion "1"]
[SourceVersionDate "2016.10.25"]
[SourceQuality "1"]

1. e4 c6 2. Nc3 d5 3. d4 dxe4 4. Nxe4 Nd7 5. Qe2 e6 6. Bf4 Nb6 7. 0-0-0 Be7 8. Nf3 Nf6 9. h4 Nxe4 10. Qxe4 Qd5 11. Qxd5 Nxd5 12. Bh2 b6 13. g4 Bb7 14. Rg1 0-0 15. Bg2 Rac8 16. Bg3 Rfd8 17. Ne1 Ba6 18. Bf1 Bxf1 19. Rxf1 c5 20. dxc5 Bxc5 21. Nd3 Be7 22. a3 1/2-1/2

[Event "Luxembourg-chT 1314"]
[Site "Luxembourg"]
[Date "2014.02.02"]
[Round "6"]
[White "Hengen, Patrick"]
[Black "Elbeshausen, Ralf"]
[Result "0-1"]
[WhiteElo "1773"]
[BlackElo "2085"]
[PlyCount "66"]
[EventDate "2013.10.05"]
[EventType "team-tourn"]
[EventRounds "10"]
[EventCountry "LUX"]
[SourceTitle "EXT 2017"]
[Source "ChessBase"]
[SourceDate "2016.10.25"]
[SourceVersion "1"]
[SourceVersionDate "2016.10.25"]
[SourceQuality "1"]

1. d4 f5 2. Nf3 Nf6 3. c4 e6 4. Nc3 d5 5. Bf4 c6 6. cxd5 exd5 7. e3 Be7 8. Bd3 0-0 9. Qc2 Ne4 10. 0-0 Bf6 11. Nd2 Qe7 12. Rfe1 Nd7 13. a3 g6 14. b4 a6 15. Rac1 Bg7 16. h3 Ndf6 17. Na4 Be6 18. f3 Nxd2 19. Qxd2 Nh5 20. Nc5 Nxf4 21. exf4 Bxd4+ 22. Kf1 Bxc5 23. Rxc5 Qd6 24. Re5 Bf7 25. Rc1 Rfe8 26. Rce1 a5 27. g4 axb4 28. axb4 fxg4 29. hxg4 Re6 30. Rxe6 Bxe6 31. f5 Bf7 32. Qg5 Qg3 33. Re3 Ra1+ 0-1

[Event "Luxembourg-chT 1213"]
[Site "Luxembourg"]
[Date "2013.05.10"]
[Round "9"]
[White "Elbeshausen, Ralf"]
[Black "Peiffer, Joe"]
[Result "0-1"]
[WhiteElo "2085"]
[BlackElo "1908"]
[PlyCount "67"]
[EventDate "2012.10.??"]
[EventType "team-tourn"]
[EventRounds "10"]
[EventCountry "LUX"]
[SourceTitle "EXT 2017"]
[Source "ChessBase"]
[SourceDate "2016.10.25"]
[SourceVersion "1"]
[SourceVersionDate "2016.10.25"]
[SourceQuality "1"]

1. c4 Nf6 2. Nc3 g6 3. e4 d6 4. g3 Bg7 5. Bg2 0-0 6. Nge2 c5 7. 0-0 Nc6 8. d3 Bg4 9. h3 Bd7 10. Be3 Rb8 11. Qd2 Re8 12. g4 a6 13. Ng3 Kh8 14. f4 b5 15. f5 bxc4 16. dxc4 Ne5 17. b3 Bc6 18. Rab1 Kg8 19. g5 Nfd7 20. Nd5 e6 21. Nc3 exf5 22. exf5 Nxc4 23. bxc4 Rxe3 24. f6 Rxg3 25. Nd5 Bxd5 26. Qxd5 Bf8 27. Kh2 Ra3 28. Rxb8 Qxb8 29. Rf2 Ne5 30. Be4 Rc3 31. Re2 Rxc4 32. Qd1 Rd4 33. Qc1 d5 34. Rb2 0-1

[Event "Luxembourg-chT 1314"]
[Site "Luxembourg"]
[Date "2013.??.??"]
[Round "2"]
[White "Gaspar, Lucien"]
[Black "Elbeshausen, Ralf"]
[Result "0-1"]
[WhiteElo "2135"]
[BlackElo "2085"]
[PlyCount "46"]
[EventDate "2013.10.05"]
[EventType "team-tourn"]
[EventRounds "10"]
[EventCountry "LUX"]
[SourceTitle "EXT 2017"]
[Source "ChessBase"]
[SourceDate "2016.10.25"]
[SourceVersion "1"]
[SourceVersionDate "2016.10.25"]
[SourceQuality "1"]

1. d4 f5 2. e4 fxe4 3. Nc3 Nf6 4. Bg5 Nc6 5. f3 d5 6. Bb5 a6 7. Bxc6+ bxc6 8. Bxf6 exf6 9. fxe4 dxe4 10. Nxe4 Qd5 11. Qe2 Kf7 12. 0-0-0 Qxa2 13. Nc3 Qa1+ 14. Kd2 Qxb2 15. Rb1 Qa3 16. Qc4+ Be6 17. Qxc6 Bd6 18. Nge2 Qa5 19. h4 Rad8 20. Ra1 Qh5 21. Rxa6 Qh6+ 22. Kd1 Rhe8 23. Nb5 Bb4 0-1

[Event "Luxembourg-chT 1112"]
[Site "Luxembourg"]
[Date "2012.04.10"]
[Round "8"]
[White "Ackermann, Robert"]
[Black "Elbeshausen, Ralf"]
[Result "1/2-1/2"]
[WhiteElo "2041"]
[BlackElo "2085"]
[PlyCount "93"]
[EventDate "2011.10.??"]
[EventType "team-tourn"]
[EventRounds "10"]
[EventCountry "LUX"]
[SourceTitle "EXT 2017"]
[Source "ChessBase"]
[SourceDate "2016.10.25"]
[SourceVersion "1"]
[SourceVersionDate "2016.10.25"]
[SourceQuality "1"]

1. e4 c6 2. d4 d5 3. exd5 cxd5 4. Nf3 Nc6 5. Be2 Nf6 6. 0-0 Bg4 7. Re1 e6 8. Bf4 Be7 9. h3 Bh5 10. c3 0-0 11. Nbd2 Rc8 12. Ne5 Bxe2 13. Qxe2 a6 14. Rac1 b5 15. a3 Qb6 16. Bg5 Rc7 17. Ndf3 Ne4 18. Bxe7 Nxe7 19. Nd2 Nxd2 20. Qxd2 Rfc8 21. Nd3 Ng6 22. Ra1 a5 23. Qg5 Qd6 24. Re3 Re8 25. Rae1 Rce7 26. h4 h6 27. Qg4 Nf8 28. h5 Nd7 29. Rg3 f5 30. Qg6 Nf8 31. Qf6 Qxg3 32. Qxe7 Qxf2+ 33. Kxf2 Rxe7 34. Nf4 Kf7 35. Kf3 Nh7 36. Ng6 Rb7 37. Ne5+ Kf6 38. Nc6 Ng5+ 39. Kf4 a4 40. g4 Ne4 41. gxf5 exf5 42. Rg1 Ng5 43. Re1 Rb6 44. Nb4 Rd6 45. Re5 Ne6+ 46. Kf3 Nc7 47. Kf4 1/2-1/2

[Event "Luxembourg-chT 1112"]
[Site "Luxembourg"]
[Date "2012.03.10"]
[Round "6"]
[White "Cervino Rossel, Cristobal"]
[Black "Elbeshausen, Ralf"]
[Result "1/2-1/2"]
[WhiteElo "1789"]
[BlackElo "2085"]
[PlyCount "120"]
[EventDate "2011.10.??"]
[EventType "team-tourn"]
[EventRounds "10"]
[EventCountry "LUX"]
[SourceTitle "EXT 2017"]
[Source "ChessBase"]
[SourceDate "2016.10.25"]
[SourceVersion "1"]
[SourceVersionDate "2016.10.25"]
[SourceQuality "1"]

1. d4 f5 2. c4 Nf6 3. Nf3 e6 4. g3 d5 5. Bg2 c6 6. Qc2 Bd6 7. 0-0 0-0 8. b3 Qe7 9. Bb2 b6 10. Nbd2 Bb7 11. Rad1 Nbd7 12. Ne5 Rac8 13. Ndf3 c5 14. dxc5 Bxc5 15. Qb1 Rfd8 16. Qa1 a5 17. Nxd7 Nxd7 18. cxd5 Bxd5 19. Rxd5 exd5 20. Nh4 Qf7 21. Rd1 Nf8 22. Bh3 g6 23. e3 Ne6 24. Nf3 Bf8 25. Ne5 Qb7 26. Bg2 Bg7 27. h4 Nc5 28. h5 g5 29. g4 f4 30. exf4 gxf4 31. g5 Ne4 32. h6 Bxe5 33. Bxe5 Qf7 34. Qd4 Nc3 35. Rd2 f3 36. Qxb6 Ne2+ 37. Kh2 Qh5+ 38. Bh3 Re8 39. Qf6 Qg6 40. Qxg6+ hxg6 41. Bxc8 Rxe5 42. Rxd5 Re4 43. Rd8+ Kh7 44. Rf8 Re5 45. Rf7+ Kh8 46. Bg4 Rxg5 47. Bxf3 Nc1 48. Kh3 Nxa2 49. Kh4 Rg1 50. Bg4 Nb4 51. Kg5 Nd3 52. f3 Ne5 53. Rf8+ Kh7 54. Rf4 Rg2 55. Kf6 Nxg4+ 56. fxg4 Kxh6 57. Rf1 Rh2 58. Rf4 Rh3 59. Rf1 Rh2 60. Rf3 Rh1 1/2-1/2

[Event "Luxembourg-chT 1112"]
[Site "Luxembourg"]
[Date "2012.01.10"]
[Round "4"]
[White "Filipovic, Slobodan J"]
[Black "Elbeshausen, Ralf"]
[Result "1-0"]
[WhiteElo "2226"]
[BlackElo "2085"]
[PlyCount "73"]
[EventDate "2011.10.??"]
[EventType "team-tourn"]
[EventRounds "10"]
[EventCountry "LUX"]
[SourceTitle "EXT 2017"]
[Source "ChessBase"]
[SourceDate "2016.10.25"]
[SourceVersion "1"]
[SourceVersionDate "2016.10.25"]
[SourceQuality "1"]

1. e4 c6 2. d4 d5 3. e5 Bf5 4. Nf3 e6 5. Be2 c5 6. Be3 Nc6 7. dxc5 Qc7 8. 0-0 a6 9. c4 Nge7 10. Qa4 0-0-0 11. cxd5 Nxd5 12. Bg5 f6 13. exf6 gxf6 14. Bh4 Bxc5 15. Rc1 Qb6 16. Nbd2 Kb8 17. Ne4 Be7 18. Ng3 Bg6 19. Bxa6 e5 20. Bb5 Ncb4 21. Nxe5 Bc5 22. Rxc5 Qxc5 23. Nd7+ Rxd7 24. Bxd7 Nd3 25. Nf5 Nb6 26. Bg3+ Ne5 27. Qb5 Nbxd7 28. Qxd7 Rc8 29. Qd6+ Ka8 30. Qxc5 Rxc5 31. Ne3 Nd3 32. b3 f5 33. f4 Bh5 34. a4 Be2 35. Nc4 Nb4 36. Re1 Bxc4 37. Re8+ 1-0